[Event "35th WCh U20 Girls"]
[Site "Tarvisio ITA"]
[Date "2017.11.24"]
[Round "10"]
[White "Terbe, Julianna"]
[Black "Aakanksha, Hagawane"]
[Result "1-0"]
[WhiteElo "2263"]
[BlackElo "2312"]
[EventDate "2017.11.13"]
[PlyCount "97"]

1.e4 e5 2.Nf3 Nc6 3.Bc4 Nf6 4.d3 Be7 5.O-O O-O 6.Re1 d6 7.a4 Kh8 8.a5 a6 
9.c3 Be6 10.Nbd2 Qd7 11.Qb3 d5 12.exd5 Nxd5 13.Nxe5 Nxe5 14.Rxe5 Nf4 15.d4
Bh3 16.g3 Bd6 17.Nf3 Bg4 18.Bxf4 Bxf3 19.Re3 Bc6 20.Bxd6 Qxd6 21.Rae1 Rab8
22.Re7 f6 23.R1e6 Qd8 24.Qd1 Bd7 25.Re3 Re8 26.Qe2 Rxe7 27.Rxe7 Bf5 28.Bf7
Bd7 29.d5 b6 30.axb6 Rxb6 31.Re3 Rb8 32.b4 Bb5 33.Qh5 Qf8 34.Bg6 h6 35.Bc2
Bd7 36.Qg6 f5 37.Rf3 Rb6 38.Qh5 Rf6 39.Qh4 Qe7 40.Re3 Qd6 41.Qd4 f4 42.Re1
Kg8 43.Qe5 fxg3 44.hxg3 Qb6 45.Re3 Rf7 46.d6 cxd6 47.Qe4 Rf6 48.Qa8+ Kf7 
49.Bh7 1-0

[Event "35th WCh U20 Girls"]
[Site "Tarvisio ITA"]
[Date "2017.11.24"]
[Round "10"]
[White "Khademalsharieh, Sarasadat"]
[Black "Injac, Teodora"]
[Result "0-1"]
[WhiteElo "2419"]
[BlackElo "2244"]
[EventDate "2017.11.13"]
[PlyCount "96"]

1.d4 Nf6 2.c4 g6 3.Nc3 Bg7 4.e4 d6 5.h3 O-O 6.Be3 c5 7.Nf3 Qa5 8.Qd2 Nc6 
9.Bd3 Nd7 10.d5 Nce5 11.Nxe5 Nxe5 12.Be2 a6 13.O-O b5 14.cxb5 axb5 15.Nxb5
Qa4 16.Nc3 Qb4 17.Rfc1 Ba6 18.Rc2 Rfb8 19.Bxa6 Rxa6 20.Qe2 Qc4 21.Qxc4 
Nxc4 22.Bc1 Ne5 23.Kf1 Nd3 24.Ke2 Nb4 25.Rd2 Bh6 26.Rd1 Bxc1 27.Rdxc1 Nxa2
28.Rxa2 Rxa2 29.Nxa2 Rxb2+ 30.Ke3 Rxa2 31.Rb1 Kg7 32.Rb7 Kf6 33.h4 h5 34.
Rd7 Ra3+ 35.Kf4 Ra2 36.Ke3 Rb2 37.g3 Rb3+ 38.Kf4 Rd3 39.f3 e5+ 40.dxe6 
fxe6 41.g4 hxg4 42.Kxg4 Ke5 43.Re7 c4 44.f4+ Kxe4 45.Rxe6+ Kd5 46.Re1 c3 
47.Kg5 c2 48.Rc1 Rg3+ 0-1

[Event "35th WCh U20 Girls"]
[Site "Tarvisio ITA"]
[Date "2017.11.24"]
[Round "10"]
[White "Kanakova, Natalie"]
[Black "Zhu Jiner"]
[Result "1-0"]
[WhiteElo "2134"]
[BlackElo "2363"]
[EventDate "2017.11.13"]
[PlyCount "73"]

1.e4 c5 2.Nf3 d6 3.Bb5+ Bd7 4.Bxd7+ Qxd7 5.c4 Nf6 6.Nc3 Nc6 7.O-O g6 8.d4 
cxd4 9.Nxd4 Bg7 10.Nde2 O-O 11.f3 Rfc8 12.Rb1 Qd8 13.Kh1 a6 14.a4 Nd7 15.
Bg5 h6 16.Be3 Rab8 17.Qd2 Kh7 18.b3 Qa5 19.Rfd1 h5 20.Bg5 Nde5 21.h3 Nd3 
22.Bh4 Bf6 23.Bg3 h4 24.Nd5 hxg3 25.Nxf6+ Kg7 26.Qxd3 Kxf6 27.b4 Qc7 28.f4
Kg7 29.Qxg3 Rh8 30.b5 Na5 31.Qc3+ Kh7 32.c5 Rhc8 33.f5 g5 34.f6 e6 35.Qf3 
Qxc5 36.Qh5+ Kg8 37.Qh6 1-0

[Event "35th WCh U20 Girls"]
[Site "Tarvisio ITA"]
[Date "2017.11.24"]
[Round "10"]
[White "San Diego, Marie Antoinette"]
[Black "Khomeriki, Nino"]
[Result "0-1"]
[WhiteElo "2116"]
[BlackElo "2347"]
[EventDate "2017.11.13"]
[PlyCount "80"]

1.d4 d5 2.Bf4 c5 3.e3 Nc6 4.c3 Bf5 5.Qb3 Qd7 6.Nf3 e6 7.Nbd2 c4 8.Qd1 h6 
9.Be2 b5 10.a3 Bd6 11.Bg3 Bxg3 12.hxg3 Qc7 13.Nh4 Bh7 14.f4 Nf6 15.Nhf3 
Ng4 16.Nf1 O-O 17.Rh4 Nf6 18.N1d2 a5 19.Kf2 Ne7 20.Ne5 Ne8 21.g4 f6 22.
Nef3 Nd6 23.Qh1 Rab8 24.Qh3 b4 25.g5 fxg5 26.Nxg5 Bf5 27.g4 hxg5 28.Rh8+ 
Kf7 29.Rxf8+ Rxf8 30.gxf5 exf5 31.Qh5+ g6 32.Qxg5 bxc3 33.bxc3 Rh8 34.Rg1 
Qb6 35.Bf3 Qb2 36.Ke2 Qxc3 37.Qg2 Qd3+ 38.Kd1 c3 39.Bxd5+ Kg7 40.Qe2 c2+ 
0-1

[Event "35th WCh U20 Girls"]
[Site "Tarvisio ITA"]
[Date "2017.11.24"]
[Round "10"]
[White "Lasya, Goli"]
[Black "Vaishali, Ramesh Babu"]
[Result "0-1"]
[WhiteElo "2087"]
[BlackElo "2325"]
[EventDate "2017.11.13"]
[PlyCount "76"]

1.e4 e5 2.Nc3 Nf6 3.g3 d5 4.exd5 Nxd5 5.Bg2 Nxc3 6.bxc3 Bd6 7.Ne2 c6 8.d4 
Nd7 9.O-O O-O 10.a4 a5 11.Be3 Re8 12.Nc1 exd4 13.cxd4 Nb6 14.Nd3 Bf5 15.c3
Nd5 16.Qd2 Be4 17.Rfe1 Bxg2 18.Kxg2 b5 19.Qc2 h5 20.Bd2 Qd7 21.Rxe8+ Rxe8 
22.Re1 h4 23.axb5 cxb5 24.Rxe8+ Qxe8 25.Ne1 Qe2 26.Qf5 h3+ 27.Kxh3 Qxd2 
28.Nf3 Qh6+ 29.Kg2 Qe6 30.Qd3 a4 31.Qxb5 Nxc3 32.Qc6 Bb4 33.Qa8+ Bf8 34.h4
a3 35.Qa5 Qc6 36.h5 a2 37.d5 Qa4 38.Qxc3 a1=Q 0-1

[Event "35th WCh U20 Girls"]
[Site "Tarvisio ITA"]
[Date "2017.11.24"]
[Round "10"]
[White "Nguyen, Emily"]
[Black "Janzelj, Lara"]
[Result "0-1"]
[WhiteElo "2176"]
[BlackElo "2192"]
[EventDate "2017.11.13"]
[PlyCount "100"]

1.d4 d5 2.c4 c6 3.Nf3 Nf6 4.Nc3 dxc4 5.a4 Bf5 6.e3 e6 7.Bxc4 Bb4 8.O-O O-O
9.Qe2 Nbd7 10.e4 Bg6 11.Bd3 Bh5 12.e5 Nd5 13.Nxd5 cxd5 14.Qe3 Re8 15.Ng5 
Bg6 16.f4 Bxd3 17.Qxd3 f5 18.Qb5 Ba5 19.Qxb7 Qe7 20.Qb5 Bb6 21.Be3 Rab8 
22.Qd3 Qb4 23.Rf2 Rbc8 24.a5 Bd8 25.Nf3 Nb8 26.Rc2 Be7 27.Bd2 Qb7 28.Rac1 
Nc6 29.Qf1 a6 30.Qd1 Rc7 31.Rc3 Rec8 32.Rb3 Nb4 33.Rxc7 Rxc7 34.Bc3 Qc8 
35.h3 Na2 36.Qb1 Nb4 37.Kh2 Rb7 38.Ra3 Nd3 39.Qxd3 Bxa3 40.Qxa6 Rb8 41.Qe2
Bb4 42.Bxb4 Rxb4 43.Qd2 Rb3 44.Qf2 h6 45.Qd2 Qc4 46.Qf2 Qc1 47.Qh4 Rxb2 
48.Qg3 Rb1 49.Qh4 Qh1+ 50.Kg3 Rb2 0-1

[Event "35th WCh U20 Girls"]
[Site "Tarvisio ITA"]
[Date "2017.11.24"]
[Round "10"]
[White "Pratyusha, Bodda"]
[Black "Mammadzada, Gunay"]
[Result "1/2-1/2"]
[WhiteElo "2152"]
[BlackElo "2393"]
[EventDate "2017.11.13"]
[PlyCount "62"]

1.c4 e5 2.Nc3 c5 3.Nf3 Nc6 4.e3 Nf6 5.d4 e4 6.d5 exf3 7.dxc6 dxc6 8.Qxd8+ 
Kxd8 9.gxf3 Kc7 10.b3 g6 11.Bb2 Rg8 12.O-O-O Be7 13.Bg2 Be6 14.Ne2 Nd7 15.
h4 h6 16.f4 a6 17.Bf3 f5 18.Rd2 b5 19.h5 g5 20.fxg5 Bxg5 21.Kc2 Rae8 22.
Rhd1 Nb6 23.Be5+ Kb7 24.Bd6 Be7 25.Bf4 Bg5 26.Bd6 Be7 27.Bf4 Bg5 28.Bd6 
Be7 29.Bf4 Bg5 30.Bd6 Be7 31.Bf4 Bg5 1/2-1/2

[Event "35th WCh U20 Girls"]
[Site "Tarvisio ITA"]
[Date "2017.11.24"]
[Round "10"]
[White "Nurgali, Nazerke"]
[Black "Stiazhkina, Anna"]
[Result "1/2-1/2"]
[WhiteElo "2121"]
[BlackElo "2301"]
[EventDate "2017.11.13"]
[PlyCount "133"]

1.d4 d5 2.Nf3 Nf6 3.c4 c6 4.Nc3 dxc4 5.a4 Bf5 6.e3 e6 7.Bxc4 Bb4 8.O-O O-O
9.Qe2 Nbd7 10.e4 Bg4 11.e5 Nd5 12.Nxd5 cxd5 13.Bd3 Re8 14.Qe3 Bh5 15.Ng5 
Bg6 16.Bxg6 fxg6 17.Bd2 Qa5 18.Bxb4 Qxb4 19.Rfc1 h6 20.Nf3 Rac8 21.b3 Nb8 
22.Qd3 g5 23.h3 Nc6 24.Rc2 Re7 25.Rac1 Rf7 26.Rd1 Rcf8 27.Rcd2 a6 28.Qg6 
Qe7 29.Nh2 Kh8 30.Ng4 Qd7 31.Ne3 Rf4 32.g3 Re4 33.Kg2 Ne7 34.Qh5 Kh7 35.
Rc1 Ng6 36.Qd1 Qf7 37.Nc2 Qf5 38.Ne3 Qf7 39.Ng4 h5 40.f3 Rf4 41.gxf4 Nh4+ 
42.Kf2 hxg4 43.hxg4 Qxf4 44.Rc3 Qh2+ 45.Ke3 Qg3 46.Rf2 Rf4 47.Ke2 b5 48.
axb5 axb5 49.Qd3+ g6 50.Qd2 Kh6 51.Rd3 Rf8 52.Qa2 Rc8 53.Qd2 Ng2 54.Kf1 
Nf4 55.Rc3 Ra8 56.Rc1 Nh3 57.Rg2 Qxf3+ 58.Ke1 Nf4 59.Rh2+ Kg7 60.Rc7+ Kg8 
61.Qa5 Qe3+ 62.Kf1 Qf3+ 63.Ke1 Qe3+ 64.Kf1 Rf8 65.Rg7+ Kxg7 66.Qc7+ Rf7 
67.Rh7+ 1/2-1/2

[Event "35th WCh U20 Girls"]
[Site "Tarvisio ITA"]
[Date "2017.11.24"]
[Round "10"]
[White "Rozman, Monika"]
[Black "Cherniak, Viktoria"]
[Result "0-1"]
[WhiteElo "2049"]
[BlackElo "2236"]
[EventDate "2017.11.13"]
[PlyCount "86"]

1.e4 c5 2.Nf3 Nc6 3.d4 cxd4 4.Nxd4 Qb6 5.Nb5 Nf6 6.Be3 Qd8 7.Nd2 d5 8.e5 
Ng4 9.e6 Bxe6 10.Bf4 Rc8 11.Nb3 Qb6 12.Qe2 a6 13.Nc3 g6 14.f3 Nf6 15.O-O-O
Bg7 16.g4 d4 17.Ne4 Nxe4 18.Qxe4 Nb4 19.Be5 Bxe5 20.Qxe5 O-O 21.Qxd4 Rfd8 
22.Qxd8+ Rxd8 23.Rxd8+ Qxd8 24.Be2 Nxa2+ 25.Kb1 Bxb3 26.cxb3 Qd2 27.Bxa6 
bxa6 28.Kxa2 Qg2 29.Rc1 Qxf3 30.Rc4 e5 31.Ra4 Qd3 32.b4 e4 33.Ra3 Qc4+ 34.
Kb1 f5 35.gxf5 gxf5 36.Rc3 Qxb4 37.Rc8+ Kg7 38.Rc7+ Kg6 39.Rc6+ Kg5 40.
Rxa6 e3 41.Re6 f4 42.h4+ Kxh4 43.Ka2 Qc4+ 0-1

[Event "35th WCh U20 Girls"]
[Site "Tarvisio ITA"]
[Date "2017.11.24"]
[Round "10"]
[White "Nie Xin"]
[Black "Arpita, Mukherjee"]
[Result "1/2-1/2"]
[WhiteElo "2106"]
[BlackElo "2210"]
[EventDate "2017.11.13"]
[PlyCount "71"]

1.d4 Nf6 2.c4 g6 3.Nc3 Bg7 4.e4 d6 5.f3 O-O 6.Nge2 c5 7.Be3 Nc6 8.d5 Ne5 
9.Ng3 h5 10.Be2 h4 11.Nf1 a6 12.a4 Qc7 13.Nd2 e6 14.O-O exd5 15.cxd5 Rb8 
16.h3 Nh7 17.f4 Nd7 18.Bf2 Bf6 19.Qe1 Qd8 20.Nf3 Qb6 21.Nd1 Re8 22.Bd3 Qc7
23.Nxh4 c4 24.Bc2 Nc5 25.Nf3 Bf5 26.Nd2 b5 27.axb5 axb5 28.g4 Bd7 29.Qe3 
Na4 30.Ra2 Bg7 31.b3 cxb3 32.Bxb3 Qb7 33.Qd3 Rbc8 34.Re1 Nc5 35.Qb1 Nf6 
36.Bc2 1/2-1/2

[Event "35th WCh U20 Girls"]
[Site "Tarvisio ITA"]
[Date "2017.11.24"]
[Round "10"]
[White "Priyanka, K."]
[Black "Terbe, Zsuzsanna"]
[Result "0-1"]
[WhiteElo "2046"]
[BlackElo "2170"]
[EventDate "2017.11.13"]
[PlyCount "176"]

1.e4 e5 2.Nf3 Nc6 3.Bb5 a6 4.Ba4 Nf6 5.O-O b5 6.Bb3 Be7 7.Re1 O-O 8.c3 d6 
9.d4 Bg4 10.d5 Na5 11.Bc2 Qc8 12.h3 Bd7 13.Nbd2 c6 14.dxc6 Qxc6 15.a4 Rfc8
16.Nf1 Nc4 17.Ng3 g6 18.Qe2 Kg7 19.Rd1 Rab8 20.axb5 axb5 21.b3 Nb6 22.Bd2 
Na8 23.Ne1 Nc7 24.Nd3 Ne6 25.Nb4 Qb7 26.Qe3 Ra8 27.Rab1 Kg8 28.Ne2 Nc5 29.
Ng3 Bc6 30.Re1 Ne6 31.Qe2 Nd7 32.Bd3 Rab8 33.Qg4 Nf6 34.Qe2 Nc5 35.Bc2 h5 
36.Bg5 Ne6 37.Bd2 Nd7 38.Nf1 Ndc5 39.f3 Bf6 40.g3 h4 41.Qg2 hxg3 42.Qxg3 
Nf4 43.Ne3 Nh5 44.Qf2 Bd7 45.Nbd5 Bd8 46.Kh2 Ne6 47.Ng4 Nef4 48.Nxf4 Nxf4 
49.Qg3 Bxg4 50.Qxg4 Bf6 51.b4 Kg7 52.Rbc1 Rh8 53.Bxf4 exf4 54.Bd3 Bh4 55.
Rg1 Bg3+ 56.Rxg3 fxg3+ 57.Qxg3 Qe7 58.f4 Rh5 59.Re1 Rc8 60.Be2 Rh4 61.Bxb5
Rch8 62.Bf1 Qf6 63.e5 dxe5 64.fxe5 Qf5 65.Bg2 Rg4 66.Qe3 Rhh4 67.b5 Rf4 
68.Re2 g5 69.Kg1 Qb1+ 70.Re1 Qxb5 71.Qg3 Qb6+ 72.Kh2 Qg6 73.Rd1 Qf5 74.Rd5
Rfg4 75.Qe3 Rh6 76.Qe2 Qf4+ 77.Kh1 Rg3 78.Rd4 Qc1+ 79.Kh2 Qxc3 80.Rd2 
Rgxh3+ 81.Bxh3 Qxh3+ 82.Kg1 Qh1+ 83.Kf2 Rh2+ 84.Ke3 Rxe2+ 85.Rxe2 Kg6 86.
Rf2 Qh3+ 87.Rf3 Qxf3+ 88.Kxf3 Kf5 0-1

[Event "35th WCh U20 Girls"]
[Site "Tarvisio ITA"]
[Date "2017.11.24"]
[Round "10"]
[White "Ivanova, Simoneta"]
[Black "Heinemann, Josefine"]
[Result "0-1"]
[WhiteElo "2137"]
[BlackElo "2293"]
[EventDate "2017.11.13"]
[PlyCount "110"]

1.d4 Nf6 2.c4 g6 3.Nc3 d5 4.cxd5 Nxd5 5.e4 Nxc3 6.bxc3 Bg7 7.Nf3 c5 8.Be3 
Qa5 9.Nd2 Qxc3 10.Rc1 Qa3 11.Rxc5 O-O 12.Qc2 Nc6 13.Qb3 Qxb3 14.Nxb3 e6 
15.Bb5 Bd7 16.Bxc6 Bxc6 17.d5 exd5 18.exd5 Ba4 19.O-O b6 20.Rcc1 Rfd8 21.
Rfd1 Rd7 22.Bf4 Re8 23.h3 f5 24.Rd2 Re4 25.g3 Kf7 26.Bb8 Re8 27.Bf4 Bf6 
28.h4 Red8 29.Rc7 Rxc7 30.Bxc7 Re8 31.Kg2 Ke7 32.Nd4 Kd7 33.Bf4 Rc8 34.Ne6
Bb5 35.Nd4 Bc4 36.Nf3 Rc5 37.d6 Bd5 38.Be3 Ra5 39.Bf4 Be4 40.Re2 Ra3 41.
Re3 Rxe3 42.fxe3 Bb2 43.Kf2 Bxf3 44.Kxf3 Ba3 45.Be5 Bxd6 46.Bd4 Ke6 47.Bb2
h5 48.Bc1 Kd5 49.Bd2 a5 50.Be1 a4 51.Bc3 b5 52.Bb2 b4 53.Bc1 b3 54.axb3 
axb3 55.Bb2 Be5 0-1

[Event "35th WCh U20 Girls"]
[Site "Tarvisio ITA"]
[Date "2017.11.24"]
[Round "10"]
[White "Ghukasian, Siranush"]
[Black "Salonika, Saina"]
[Result "0-1"]
[WhiteElo "2207"]
[BlackElo "2025"]
[EventDate "2017.11.13"]
[PlyCount "64"]

1.e4 c5 2.Nf3 d6 3.d4 cxd4 4.Nxd4 Nf6 5.Nc3 a6 6.Be2 e5 7.Nf3 Be7 8.Bg5 
Nbd7 9.O-O O-O 10.Nd2 b5 11.a3 Bb7 12.Bf3 h6 13.Be3 Nc5 14.Re1 Qc7 15.Qe2 
Rad8 16.Rac1 Qb8 17.Nd5 Nxd5 18.exd5 f5 19.b4 Nd7 20.c4 e4 21.Bh5 Ne5 22.
Red1 Nd3 23.Rc2 bxc4 24.Nxc4 Bxd5 25.Na5 Rc8 26.Rcd2 Rc3 27.Bd4 Nf4 28.
Qxa6 Rxa3 29.Bb2 Rd3 30.Rxd3 exd3 31.Re1 Qxb4 32.Rxe7 Qxb2 0-1

[Event "35th WCh U20 Girls"]
[Site "Tarvisio ITA"]
[Date "2017.11.24"]
[Round "10"]
[White "Yuan Ye"]
[Black "Auvray, Honorine"]
[Result "0-1"]
[WhiteElo "2196"]
[BlackElo "1987"]
[EventDate "2017.11.13"]
[PlyCount "78"]

1.d4 Nf6 2.c4 c5 3.d5 e6 4.Nc3 exd5 5.cxd5 d6 6.g3 g6 7.Bg2 Bg7 8.Nf3 O-O 
9.O-O a6 10.a4 Re8 11.Re1 Nbd7 12.e4 Ng4 13.Nd2 Nge5 14.Bf1 g5 15.h3 Qf6 
16.Qh5 Bh6 17.Kg2 Qg7 18.Qe2 Nf6 19.f3 Nh5 20.Kh2 Ng6 21.Nc4 Qf6 22.Be3 
Rb8 23.a5 Bd7 24.Qg2 Bg7 25.Nb6 Ne5 26.Be2 Bb5 27.Nxb5 axb5 28.Rf1 Qg6 29.
Bxb5 Re7 30.Rac1 Nf6 31.Qd2 Nfd7 32.f4 Nxb6 33.axb6 Nd7 34.Bxd7 Rxd7 35.
fxg5 Re8 36.Rc4 Rde7 37.Rf5 Qxf5 38.exf5 Rxe3 39.Rc2 Bd4 0-1

[Event "35th WCh U20 Girls"]
[Site "Tarvisio ITA"]
[Date "2017.11.24"]
[Round "10"]
[White "Mahalakshmi, Muganda Kumar"]
[Black "Gomez Barrera, Javiera Belen"]
[Result "1/2-1/2"]
[WhiteElo "2191"]
[BlackElo "1972"]
[EventDate "2017.11.13"]
[PlyCount "70"]

1.Nf3 d5 2.g3 g6 3.Bg2 Bg7 4.d4 Nf6 5.O-O O-O 6.c4 dxc4 7.Na3 c3 8.bxc3 c5
9.Nc4 Nc6 10.Nce5 Nxe5 11.Nxe5 Ng4 12.Bf4 cxd4 13.cxd4 Nxe5 14.dxe5 Qa5 
15.Qd5 Qxd5 16.Bxd5 Rb8 17.Rfc1 b6 18.Rab1 e6 19.Bf3 Bb7 20.Rc7 Bxf3 21.
exf3 g5 22.Bxg5 Bxe5 23.Rxa7 Ra8 24.Rd7 Rfb8 25.Re1 Bb2 26.Re2 Rxa2 27.Kg2
Rba8 28.Rdd2 R2a5 29.Rxb2 Rxg5 30.Rxb6 Ra7 31.Rb8+ Kg7 32.Rc2 Rd5 33.Rb4 
Rad7 34.Rg4+ Kf6 35.Rgc4 Rd2 1/2-1/2

[Event "35th WCh U20 Girls"]
[Site "Tarvisio ITA"]
[Date "2017.11.24"]
[Round "10"]
[White "Serikbay, Assel"]
[Black "Ning Kaiyu"]
[Result "1/2-1/2"]
[WhiteElo "2135"]
[BlackElo "2173"]
[EventDate "2017.11.13"]
[PlyCount "93"]

1.d4 d5 2.Nf3 Nf6 3.c4 e6 4.g3 dxc4 5.Bg2 Nc6 6.O-O Rb8 7.a4 b6 8.e3 Ba6 
9.Qe2 Qc8 10.Nc3 Na5 11.Ne5 c6 12.Rd1 Be7 13.e4 Nb3 14.Rb1 c5 15.d5 Nd4 
16.Qf1 O-O 17.Nxc4 exd5 18.exd5 Qg4 19.Bf4 Rbd8 20.h3 Qg6 21.Be3 Nf5 22.
Bf4 Bd6 23.Bxd6 Nxd6 24.b3 Rfe8 25.Rbc1 h5 26.Ne2 Bxc4 27.bxc4 Nd7 28.Nf4 
Qf5 29.Qd3 Qxd3 30.Nxd3 Nf5 31.Re1 Nd4 32.Kf1 Nb3 33.Rcd1 Kf8 34.f4 Rxe1+ 
35.Kxe1 Nd4 36.Kf2 Nf5 37.Ne5 Nd6 38.Nc6 Re8 39.Rc1 a5 40.Bf3 g6 41.Rc2 f6
42.Be2 Ne4+ 43.Kf3 f5 44.Bd1 Nd6 45.Be2 Ne4 46.Bd1 Nd6 47.Be2 1/2-1/2

[Event "35th WCh U20 Girls"]
[Site "Tarvisio ITA"]
[Date "2017.11.24"]
[Round "10"]
[White "Choladze, Mariami"]
[Black "Vidic, Teja"]
[Result "1/2-1/2"]
[WhiteElo "2112"]
[BlackElo "2159"]
[EventDate "2017.11.13"]
[PlyCount "80"]

1.e4 e5 2.Nf3 Nc6 3.Bb5 a6 4.Ba4 b5 5.Bb3 g6 6.c3 Bg7 7.d4 exd4 8.cxd4 
Nge7 9.O-O d6 10.Nc3 O-O 11.Nd5 h6 12.h3 Na5 13.Nxe7+ Qxe7 14.Bc2 c5 15.
Re1 Bb7 16.Bf4 cxd4 17.Nxd4 Qf6 18.Ne2 Nc4 19.Rb1 Rad8 20.b3 Na3 21.Rc1 
Nxc2 22.Qxc2 Rfe8 23.f3 d5 24.Qc7 Ba8 25.e5 Qh4 26.Bg3 Qb4 27.e6 Qe7 28.
Nf4 Bf6 29.Qb6 Rc8 30.Rxc8 Rxc8 31.exf7+ Qxf7 32.Nxg6 d4 33.Be5 Re8 34.Kf2
Bd8 35.Qd6 Ba5 36.Rd1 Re6 37.Qb8+ Re8 38.Qd6 Re6 39.Qb8+ Re8 40.Qd6 Re6 
1/2-1/2

[Event "35th WCh U20 Girls"]
[Site "Tarvisio ITA"]
[Date "2017.11.24"]
[Round "10"]
[White "Li Zhuoling"]
[Black "Arda, Cagil Irmak"]
[Result "0-1"]
[WhiteElo "2006"]
[BlackElo "2139"]
[EventDate "2017.11.13"]
[PlyCount "152"]

1.e4 c5 2.Nf3 Nc6 3.Bb5 e6 4.O-O Nge7 5.Re1 a6 6.Bf1 d5 7.exd5 Nxd5 8.d4 
Nf6 9.c3 Be7 10.Be3 cxd4 11.cxd4 O-O 12.Nc3 b5 13.a3 Bb7 14.Rc1 Rc8 15.h3 
Na5 16.Ne5 Nd5 17.Bd2 Nc6 18.Nxc6 Bxc6 19.Bd3 Nxc3 20.Bxc3 Bf6 21.Qg4 g6 
22.Rcd1 h5 23.Qg3 Bh4 24.Qe5 Qf6 25.Qe2 Bd5 26.Rf1 Qg5 27.Be4 Bc4 28.Bd3 
Qd5 29.Bxc4 Rxc4 30.Qe5 Rd8 31.Rde1 Be7 32.Ba5 Rd7 33.Qb8+ Bf8 34.Bc3 Rd8 
35.Qg3 Bg7 36.Rd1 Bxd4 37.Bxd4 Rxd4 38.Rxd4 Qxd4 39.Qc7 Qd6 40.Qc3 Qd4 41.
Qc7 Kg7 42.Qc2 Rd5 43.Rc1 Qd2 44.Qc3+ Qxc3 45.Rxc3 Rd2 46.Rb3 Rd4 47.g3 
Kf6 48.Kg2 Ke5 49.Kf3 Kd5 50.Ke3 e5 51.Rc3 Rc4 52.Rd3+ Ke6 53.h4 Rc2 54.
Rb3 Kd5 55.Rb4 f5 56.f4 e4 57.Rd4+ Ke6 58.Rb4 Kd6 59.Rd4+ Kc7 60.Rb4 Rg2 
61.a4 Kc6 62.axb5+ axb5 63.Rd4 Rxg3+ 64.Ke2 Rf3 65.Rd8 Rxf4 66.Rc8+ Kb6 
67.Rg8 Rg4 68.b4 Kc7 69.Ke3 Kd6 70.Rb8 Rxh4 71.Rb6+ Kd5 72.Rxb5+ Kc6 73.
Re5 Rg4 74.Kd4 e3+ 75.Kd3 Re4 76.Rc5+ Kd6 0-1

[Event "35th WCh U20 Girls"]
[Site "Tarvisio ITA"]
[Date "2017.11.24"]
[Round "10"]
[White "Bidhar, Rutumbara"]
[Black "Gueci, Tea"]
[Result "0-1"]
[WhiteElo "1904"]
[BlackElo "2161"]
[EventDate "2017.11.13"]
[PlyCount "104"]

1.d4 Nf6 2.c4 c5 3.d5 e6 4.Nc3 exd5 5.cxd5 d6 6.e4 g6 7.Nf3 Bg7 8.Nd2 O-O 
9.Be2 Re8 10.O-O Na6 11.f4 Rb8 12.Re1 Nc7 13.a4 b6 14.Bf3 h5 15.h3 Ng4 16.
e5 Qh4 17.Nde4 dxe5 18.hxg4 hxg4 19.g3 Qh5 20.Bg2 Bf5 21.Kf2 Bxe4 22.Nxe4 
Rbd8 23.d6 Ne6 24.Qd5 Qf5 25.d7 Re7 26.Nd6 Qf6 27.Ne8 Qf5 28.Be4 Nxf4 29.
Bxf5 Nxd5 30.Bg5 f6 31.Nxg7 Kxg7 32.Be4 Nb4 33.Bd2 Rexd7 34.Bxb4 cxb4 35.
a5 bxa5 36.Rxa5 Rb8 37.b3 f5 38.Bd5 e4 39.Rc1 Rbd8 40.Rcc5 Kf6 41.Ra6+ Kg5
42.Bxe4 Rd2+ 43.Ke3 Rd1 44.Bc2 Re8+ 45.Kf2 Rd2+ 46.Kf1 Rh8 47.Be4 Rhh2 48.
Ra1 Rhf2+ 49.Kg1 Rfe2 50.Bc6 Re3 51.Rb1 Rxg3+ 52.Kf1 Rc3 0-1

[Event "35th WCh U20 Girls"]
[Site "Tarvisio ITA"]
[Date "2017.11.24"]
[Round "10"]
[White "Altantuya, Boldbaatar"]
[Black "Kiolbasa, Oliwia"]
[Result "0-1"]
[WhiteElo "1948"]
[BlackElo "2206"]
[EventDate "2017.11.13"]
[PlyCount "98"]

1.d4 Nf6 2.c4 c5 3.d5 b5 4.Nf3 d6 5.cxb5 a6 6.e3 g6 7.Nc3 Bg7 8.e4 O-O 9.
a4 Nbd7 10.Be2 axb5 11.Bxb5 Ba6 12.Bd2 Qc7 13.O-O Rfb8 14.Ra3 Ng4 15.Qe2 
Bxb5 16.Nxb5 Qb7 17.h3 Nge5 18.Bc3 Nxf3+ 19.Qxf3 Bxc3 20.Qxc3 Nb6 21.b3 
Qd7 22.Qd3 Ra5 23.Rfa1 Rba8 24.R3a2 Qc8 25.Rc1 Qa6 26.Rd2 Qc8 27.Na3 Qb7 
28.Nc4 Nxc4 29.Rxc4 Rb8 30.Rb2 Ra6 31.Kh2 Rb6 32.Rc3 Rb4 33.a5 Rd4 34.Qc2 
Qb5 35.Ra2 Ra8 36.Rc4 Rxa5 37.Rxa5 Qxa5 38.Rc3 Qa1 39.Re3 Qf1 40.Qe2 Qb1 
41.f3 Rd1 42.Qb5 Qc1 43.Qe2 h5 44.Kg3 h4+ 45.Kxh4 Rd2 46.Qe1 Qb2 47.g4 g5+
48.Kxg5 Qg7+ 49.Kh4 Rg2 0-1

[Event "35th WCh U20 Girls"]
[Site "Tarvisio ITA"]
[Date "2017.11.24"]
[Round "10"]
[White "Andolfatto, Maria"]
[Black "Di Benedetto, Desiree"]
[Result "1/2-1/2"]
[WhiteElo "1970"]
[BlackElo "2190"]
[EventDate "2017.11.13"]
[PlyCount "98"]

1.Nf3 c5 2.c4 Nc6 3.g3 g6 4.Bg2 Bg7 5.Nc3 d6 6.O-O e6 7.e3 Nge7 8.d4 O-O 
9.a3 cxd4 10.exd4 d5 11.cxd5 exd5 12.Bg5 f6 13.Bc1 Be6 14.Re1 Qd7 15.Qe2 
Bf7 16.Be3 Rad8 17.Rad1 Nf5 18.h4 Rfe8 19.Qd3 Nxe3 20.Rxe3 Na5 21.Rxe8+ 
Rxe8 22.Qb5 Nc6 23.Ne1 a6 24.Qd3 Na5 25.Qf3 Rd8 26.Nc2 Nc4 27.b3 Nb6 28.
Ne3 Qd6 29.b4 f5 30.Ne2 Na4 31.Qf4 Qxf4 32.Nxf4 Nc3 33.Rd3 Ne4 34.g4 Bh6 
35.g5 Bf8 36.f3 Nd6 37.Nfxd5 Nb5 38.f4 Bg7 39.Nf6+ Bxf6 40.gxf6 Nxd4 41.
Nd5 Nc6 42.Ne7+ Kf8 43.Rxd8+ Nxd8 44.h5 Be8 45.hxg6 hxg6 46.Bd5 Bf7 47.Bf3
Be8 48.Bd5 Bf7 49.Bf3 Be8 1/2-1/2

[Event "35th WCh U20 Girls"]
[Site "Tarvisio ITA"]
[Date "2017.11.24"]
[Round "10"]
[White "Lahav, Michal"]
[Black "Srdanovic, Jovana"]
[Result "1-0"]
[WhiteElo "2148"]
[BlackElo "2015"]
[EventDate "2017.11.13"]
[PlyCount "47"]

1.e4 c5 2.Nf3 e6 3.d4 cxd4 4.Nxd4 a6 5.Bd3 b5 6.a4 b4 7.O-O Bb7 8.Nd2 Nc6 
9.Nxc6 Bxc6 10.Nc4 Qc7 11.e5 Bd5 12.Qe2 a5 13.Bf4 Bxc4 14.Bxc4 Ne7 15.Rad1
Nc6 16.Qg4 h6 17.Bb5 Rd8 18.Rfe1 Na7 19.Bd3 g5 20.Bg3 Be7 21.Qh5 Bc5 22.h4
Be7 23.Re3 g4 24.Re4 1-0

[Event "35th WCh U20 Girls"]
[Site "Tarvisio ITA"]
[Date "2017.11.24"]
[Round "10"]
[White "Parnali, S. Dharia"]
[Black "Petraki, Evaggelia"]
[Result "1-0"]
[WhiteElo "2136"]
[BlackElo "1854"]
[EventDate "2017.11.13"]
[PlyCount "97"]

1.d4 Nf6 2.c4 e6 3.g3 c5 4.d5 exd5 5.cxd5 d6 6.Nc3 g6 7.Bg2 Bg7 8.Nf3 O-O 
9.O-O a6 10.a4 Re8 11.Nd2 Nbd7 12.h3 Rb8 13.a5 b5 14.axb6 Nxb6 15.e4 Nh5 
16.Re1 Bd4 17.Nf3 Bh8 18.Bg5 f6 19.Bc1 Nc4 20.Qc2 Ne5 21.Nxe5 fxe5 22.Nd1 
Bf6 23.Bd2 Bg5 24.Ba5 Qd7 25.Ra3 Qb7 26.Bf1 Qf7 27.Kh2 Ng7 28.Ne3 Bxe3 29.
Rexe3 Rf8 30.Be1 Qd7 31.Rab3 Rxb3 32.Qxb3 Ne8 33.Kg1 Nc7 34.Qb6 Nb5 35.
Bxb5 Qxb5 36.Qxd6 Qxb2 37.Qxc5 Bxh3 38.Qc3 Qb5 39.Rd3 a5 40.Kh2 Bg4 41.Qd2
Bf3 42.Qe3 Qd7 43.Rb3 a4 44.Rb6 a3 45.Bb4 Rf7 46.Bd6 Rf4 47.Rb8+ Kg7 48.
Bxe5+ Kf7 49.Qxf4+ 1-0

[Event "35th WCh U20 Girls"]
[Site "Tarvisio ITA"]
[Date "2017.11.24"]
[Round "10"]
[White "Fernandez Rivero, Karla July"]
[Black "Hincu, Olga"]
[Result "1/2-1/2"]
[WhiteElo "1986"]
[BlackElo "2118"]
[EventDate "2017.11.13"]
[PlyCount "72"]

1.d4 d5 2.Nf3 Nf6 3.c4 e6 4.g3 Bb4+ 5.Bd2 Bd6 6.Qc2 O-O 7.Bg2 c6 8.O-O 
Nbd7 9.Rd1 Ne4 10.Be1 f5 11.a4 Qf6 12.Nc3 Rd8 13.a5 a6 14.e3 Nf8 15.Ne5 
Bd7 16.f3 Nxc3 17.Nxd7 Rxd7 18.Bxc3 Qh6 19.Bd2 Qf6 20.Bc3 Qg5 21.Re1 h5 
22.e4 fxe4 23.fxe4 h4 24.e5 Bc7 25.gxh4 Qxh4 26.cxd5 exd5 27.Re3 Rf7 28.
Rh3 Qg4 29.Rg3 Qh5 30.Rf1 Ne6 31.Rh3 Rxf1+ 32.Bxf1 Qg4+ 33.Rg3 Qh5 34.Rh3 
Qg4+ 35.Rg3 Qh5 36.Rh3 Qg4+ 1/2-1/2

[Event "35th WCh U20 Girls"]
[Site "Tarvisio ITA"]
[Date "2017.11.24"]
[Round "10"]
[White "Alijanzadeh, Mohadeseh"]
[Black "Trippold, Denise"]
[Result "1-0"]
[WhiteElo "1930"]
[BlackElo "2104"]
[EventDate "2017.11.13"]
[PlyCount "145"]

1.e4 e6 2.d4 d5 3.exd5 exd5 4.Bd3 c5 5.Qe2+ Be7 6.dxc5 Nf6 7.Nf3 O-O 8.O-O
Bxc5 9.Bg5 Nc6 10.c3 Bg4 11.Nbd2 Re8 12.Qd1 Qd6 13.Qc2 h6 14.Bxf6 Qxf6 15.
Qa4 Bd7 16.Qc2 Rac8 17.Nb3 Bb6 18.Qd2 Bc7 19.Bc2 Bg4 20.Nbd4 a6 21.Rfe1 
Na5 22.Rxe8+ Rxe8 23.Re1 Rd8 24.Qe3 Bd6 25.Qd3 g6 26.h3 Bd7 27.b3 Rc8 28.
Ne2 Bc6 29.Nfd4 Qe5 30.f4 Qf6 31.Nxc6 Nxc6 32.Qxd5 Re8 33.Qd2 Bxf4 34.Nxf4
Rxe1+ 35.Qxe1 Qxf4 36.Bd3 Ne5 37.Be4 b6 38.c4 a5 39.Qe2 Kg7 40.Bc2 Qc1+ 
41.Kh2 Qf4+ 42.g3 Qd4 43.Kg2 h5 44.Qf2 Qb2 45.Be4 Qa1 46.Qxb6 Qxa2+ 47.Kh1
Qa1+ 48.Qg1 Qc3 49.c5 h4 50.gxh4 Qxh3+ 51.Qh2 Qf1+ 52.Qg1 Qf4 53.Qe1 Ng4 
54.Kg1 Qh2+ 55.Kf1 Qh3+ 56.Kg1 Qxb3 57.c6 Qb6+ 58.Kg2 Qb2+ 59.Kg3 f5 60.
Bxf5 Qh2+ 61.Kxg4 gxf5+ 62.Kxf5 Qc2+ 63.Qe4 Qf2+ 64.Ke6 Qf7+ 65.Kd6 Qf6+ 
66.Kd7 Qc3 67.Qe7+ Kg8 68.c7 Qd4+ 69.Ke8 Qa4+ 70.Kd8 Qd4+ 71.Kc8 Qc4 72.
Qe8+ Kh7 73.Kd8 1-0